| 000 | 00362nam a2200133 4500 | ||
|---|---|---|---|
| 005 | 20260530115256.0 | ||
| 100 | 1 |
_aConsejo de Diseñadores de México _930548 |
|
| 245 | 1 | 0 | _aDiseño Gráfico en México. Volúmen 1 |
| 264 | 1 |
_bQUORUM _c1997 |
|
| 300 | _a156 páginas | ||
| 336 |
_atexto _2rdacontent |
||
| 337 |
_asin medio _2rdamedia |
||
| 338 |
_avolumen _2rdacarrier |
||
| 999 |
_c12623 _d12623 |
||